000 00646nam a2200229 u 4500
005 20220622063706.0
008 180921s2000 r 000 0 eng d
020 _a9806437144
035 _aUPN01000226794
040 _aUPN
_bspa
_cUPN
049 _aI
050 4 _aPZ76.3
_bC3.74
245 0 3 _aLa casa bonita /
_ccomp. Josefina Urdaneta ; il. Carmen Salvador.
260 _aAragua, Ven.,
_bPlayco,
_c2000.
300 _a[16] p. :
_bil. col.
440 0 _aCuento que te cuento
650 0 _aAnimales
_vCuentos y leyendas
_9234
700 1 _aUrdaneta, Josefina,
_ecomp.
905 _aInfantil
942 _2lcc
_cLIBRO
999 _c198890
_d198890